Quizzes
Events
Quiz Creation
Community
Videos
Private Events
Remove Ads
Sign In
Join for FREE
Feedback
Dark Mode
Quiz Categories
Sports
Geography
Music
Movies
Television
Just For Fun
Miscellaneous
History
Literature
Language
Science
Gaming
Entertainment
Religion
Holiday
For Kids
Quiz Lab
Recent
Popular Today
Quiz Kudos Today
Editor Picks
Curator Picks
Quizzes by...
Day
Popularity
Type
Ratings
Length
Year
Community
Subscriptions
Recent Discussions
Orange Saloon
Badges
Playlists
Quests
Create
Leaderboards
Showdown
Live 5
Trivia Bingo
Activity
Puzzle Library
Sporcle Events
Private Events
Virtual Trivia
Globe League
Become a Host
Pub Owners
SporcleCon
Opinionation
Our Games
Videos
Blog
Mobile Apps
Partnerships
Remove Ads and Go Orange
Feedback
Music
Pop Music
The Beatles
Song
Album
Lyrics
Bands
Singers
Artist
Clip
Rock
Rap
Classical
Billboard
Country Music
Kpop
Taylor Swift
Music
Pop Music
The Beatles
Song
Album
Lyrics
Bands
Singers
Artist
Clip
Rock
Rap
Classical
Billboard
Country Music
Kpop
Taylor Swift
Random Quiz
Search Sporcle
×
Quiz Lab
Quiz Lab
Music
note
Type in answers that appear in a list
Type in answers that appear in a list
Classic
Best Score? Go Orange.
Notes by Chord Stats
Can you name the notes that are in these chords?
By
nthe
4m
18 Questions
562 Plays
562 Plays
562 Plays
Comments
Comments
Give Quiz Kudos
Give Quiz Kudos
-
- Ratings
hide this ad
More Info
Forced Order
Answers have to be entered in order
Answers have to be entered in order
Replay
Link that replays current quiz
Next Quiz
Link to next quiz in quiz playlist
You Got
0%
They Got
Avg Score
33%
Avg Friend Score
Upgrade to see
Score Distribution
Jump to the score distribution portion of the page
Score
0/18
Timer
04:00
0
Plays Today
Chord
Notes
% Correct
C
C E G
89.7%
Fm
F Ab C
72.6%
Eb
Eb G Bb
66.4%
Abm
Ab Cb Eb
49.3%
B7
B D# F# A
45.4%
F#
F# A# C#
43.2%
Ddim
D F Ab
38.6%
Gm7
G Bb D F
32.9%
Bbsus4
Bb Eb F
27.8%
Chord
Notes
% Correct
Cb
Cb Eb Gb
23.1%
E6
E G# B C#
22.8%
Dbadd9
Db F Ab Eb
21.9%
Fmaj7
F A C E
18.7%
Am6
A C E F#
14.2%
A#dim7
A# C# E G
13.3%
D#sus2
D# E# A#
11.6%
G7add#9
G B D F A#
11.6%
D13
D F# A C E G B
8.5%
Quiz Playlist
Details
Report
Send in Message
Add To Playlist
More Info:
Use 'b' for ♭ and '#' for ♯. Answers must be enharmonically correct.
Classic:
Type in answers that appear in a list
Forced Order:
Answers have to be entered in order
Last Updated: Feb 16, 2017
Quiz Scoreboard
CHALLENGE
Sign Up to Join the Scoreboard
Show All
Scores
Hide
Comments
May contain spoilers
Recently Published
9x9 Crossword: Cartoon Network
by jackfrog10
Miscellaneous
3m
College Basketball Coaching Resumes
by pancakes188
Sports
9m
Billboard Blitz: Fleetwood Mac
by CooCooCachoo
Music
15s
More to Explore
Quiz From the Vault
Featured Blog Post
Where Did the Easter Bunny Come From?
hide this ad
You Might Also Like...
Tags
chord
note
Today's Top Quizzes in Music
Browse Music
hide this ad
Today's Top Quizzes in note
Browse note
Top Contributed Quizzes in Music
1
Taylor Swift All Songs (2024)
2
Guess the Artist- 70s Songs
3
7-to-1: Billboard Hot 100 #1 Hits of 2010s
4
Sorting Albums and Songs
5
Taylor Swift Logic Puzzle
6
KPOP LOGIC QUIZ
7
Guess the Taylor Swift song (Mystery Song)
8
Guess The Taylor Swift Lyrics Song #1
9
Billboard Blitz: ABBA
10
One Thing in Common: Music
Explore More
Trending Topics
NBA
Kpop
Harry Potter
Marvel
Crossword
Anime
Disney
The Office
Country
WWE
Pokémon
Soccer
Song
NFL
Puzzle
hide this ad
More By:
nthe
Quiz
Plays
Rating
Category
Featured
Created
Element Symbols Minefield
273,373
4.21
Science
Apr 9, 2012
Countries by % of Continent
171,594
4.77
Geography
May 30, 2012
Elements That Start with Their Symbol
16,895
4.74
Science
Feb 17, 2012
'Um' Without 'Ium' Elements
7,665
4.53
Science
Jan 6, 2012
Flags with Text
1,227
4.33
Geography
Feb 18, 2012
Go to Creator's Profile
Score Distribution
Quiz Creator Spotlight
nthe
Follow
Send a Message
Quizzes Created
-
Created Quiz Play Count
-
More By This Creator
Popular Quizzes Today
1
Find the US States - No Outlines Minefield
2
Find the Countries of Europe - No Outlines Minefield
3
The Countries of the World
4
Find the US States
5
Risky Map Clicking: Biggest States A-Z
6
US States
7
Popular People in 1961
8
Movies - When Are They Set?
More Music Quizzes
Travis Scott Songs
Quiz Lab
Trending Quizzes
Risky Map Clicking: Least Populous States A-Z
1-10 Letter G Words
1-10 Letter F Words
Risky Map Clicking: Next State Alphabetically
Adjectives in 80s TV Shows
Recently Updated
Leaping Animals
pecheneg
Reality TV Shows (A-Z)
bhenderson79
Rickey Henderson's Hall of Fame Teammates
pecheneg
Champions League XIs: Arsenal
pecheneg
Quick Pick: Celebrities in WWE's Hall of Fame
aduchscher
A-Z Keypad Blitz II
pecheneg
Multiple Oscar Actors
pecheneg
Mystery Phrase Blitz: Oscar 'Best Actors'
pecheneg
F. Scott Fitzgerald Novels
LTH
Pick 3 Villains
ddd62291
Trending Topics
Crossword
Marvel
NBA
Disney
Harry Potter
Kpop
Anime
NFL
The Office
Song
Country
WWE
Soccer
Pokémon
Puzzle
Your Account Isn't Verified!
In order to create a playlist on Sporcle, you need to verify the email address you used during registration. Go to your
Sporcle Settings
to finish the process.
Report this User
Report this user for behavior that violates our
Community Guidelines
.
Details:
Send Report
Go to the Sporcle.com Mobile Site →
Comments